Tribhuvan University Central Library

Total quality in higher education in Nepal; a study of students' prospective (Record no. 51659)

MARC details
000 -LEADER
fixed length control field 006850000a22002410004500
082 ## - DEWEY DECIMAL CLASSIFICATION NUMBER
Classification number 658.4013
Item number J928t
-- D
041 ## - LANGUAGE CODE
Language code of text/sound track or separate title Eng
100 ## - MAIN ENTRY--PERSONAL NAME
Personal name Joshi, Sarjani
245 ## - TITLE STATEMENT
Title Total quality in higher education in Nepal; a study of students' prospective
260 ## - PUBLICATION, DISTRIBUTION, ETC. (IMPRINT)
Place of publication, distribution, etc Kathmandu
Plate or publisher's number for music (Pre-AACR 2) [OBSOLETE, CAN/MARC], [LOCAL, USA] NP
260 ## - PUBLICATION, DISTRIBUTION, ETC. (IMPRINT)
Date of publication, distribution, etc 2007
300 ## - PHYSICAL DESCRIPTION
Extent xii, 268p.
Other physical details illus.
500 ## - GENERAL NOTE
General note Bibliography: p.218-223
518 ## - DATE/TIME AND PLACE OF AN EVENT NOTE
Date/time and place of an event note 2009-06-09
653 ## - INDEX TERM--UNCONTROLLED
Uncontrolled term Management
650 ## - SUBJECT ADDED ENTRY--TOPICAL TERM
Topical term or geographic name as entry element Quality control
650 ## - SUBJECT ADDED ENTRY--TOPICAL TERM
Topical term or geographic name as entry element Quality in education
650 ## - SUBJECT ADDED ENTRY--TOPICAL TERM
Topical term or geographic name as entry element Higher education
650 ## - SUBJECT ADDED ENTRY--TOPICAL TERM
Topical term or geographic name as entry element Total quality management
651 ## - SUBJECT ADDED ENTRY--GEOGRAPHIC NAME
Geographic name Nepal
650 ## - SUBJECT ADDED ENTRY--TOPICAL TERM
Topical term or geographic name as entry element
-- Thesis
Topical term following geographic name as entry element M. Phil. in Management
Location of event Tribhuvan University
942 ## - ADDED ENTRY ELEMENTS (KOHA)
Koha item type
Holdings
Withdrawn status Lost status Source of classification or shelving scheme Damaged status Not for loan Home library Current library Date acquired Total Checkouts Full call number Barcode Date last seen Price effective from Koha item type
    Dewey Decimal Classification     Tribhuvan University Central Library Tribhuvan University Central Library 01/18/2011   658.4013 J928t D13149 01/18/2011 01/18/2011 Theses and Dissertations